Statistics for Murder Mystery #3 - The controversial student

Click here to take the quiz!

General Stats

  • This quiz has been taken 167 times
  • The average score is 8 of 13

Answer Stats

SuspectResponse% Correct
George geography studentGrrr, I didn't like him at all. Above all he said some silly things that got on my nerves. For instance he said that the world's largest pyramid was in Mexico. I set him straight that it was the Great Pyramid of Giza in {Egypt}, but of course you knew that already! However, I didn't kill him. I'd say it was Annie, since they were arguing the day before he was murdered.
87%
Polly politics studentNO, I made that cake for everyone! If anything I'm flattered he ate it. But I still stand by the fact that {Tokyo} is the largest city in the world, not Hulunbuir like he claimed. I did not kill him, and suspect Bill did it, since he was convinced Rupert stole something important from him.
82%
Michael medicine studentWhat pen? Oh that pen. I have tonnes of them, why would I kill someone over that? Rupe and I argued about the tallest waterfall in the world. He said it was some waterfall in Denmark or something, but I told him that everyone knows it's {Angel Falls} in Venezuela. But again, WHY would I kill someone over that?? It was probably Arthur, he felt insecure that Rupert was cleverer than him.
77%
Laura law studentRupert was a strange one, he always said these bizarre things. Like he told me that the Land of Lincoln was {Illinois}. Of course that doesn't make sense: he was born in Kentucky. but he was confident he was right. If one of us murdered him, then I wouldn't be surprised if it was Polly, she told me he stole a cake she made.
75%
Arthur art studentI actually liked him a lot. I like people who are a bit different and a bit recalcitrant. Although I did disagree with him on one thing: he always said the largest lake in the world was a sea in Asia, but I told him it's Lake {Superior}! How can a sea be a lake?! I reckon it was Minnie, I believe he owed her something.
71%
Minnie minerals studentEverybody knows that the island of {Malta} is in Europe, but he kept saying it was in a different continent! How silly. Oh and he borrowed money off me and didn't give it back, but I don't care about that, it was only a small amount. It must have been Paul, he was always moaning about Rupert playing music loudly.
64%
Philomena film studentHe told me that the deepest point on land was under some ice somewhere in {Antarctica}, but it's the Dead Sea in Israel. Everyone knows that. And no I didn't like him in that way. But he I know he liked one of us, I remember I was in his room once and saw a lovely poem about someone, but it didn't say who exactly. Maybe it was.... George? And I presume George didn't quite take it well. There's your murderer.
63%
Rick agriculture studentWhat's the highest mountain in the world? It's Mount Everest of course. But he insisted it was Mount {Chimborazo} in Ecuador. I mean come on! How stupid can you get? Yes I was angry about the scratch but got over it. Zoe on the other hand was very annoyed when Rupert stole her cup.
52%
Bill biochemistry studentYes some very important... stuff I needed for a project was stolen, but I never said it was Rupert who took it. He was a fool. He once told me that the sun was {white}. Just look at it, you can see for yourself it isn't. Poor fellow, it seems ultimately he rubbed someone up the wrong way, and I'd put money on it being Michael. I think he broke Michael's pen.
48%
Annie ancient history studentHe said something incredibly stupid: that {Lebanon} was at the centre of the United States. Even I know it's in the Middle East and I'm stupid at geography. It was the last thing we talked about. Poor guy, must have been a bit gaga. If you ask me any one of the others could have done it, but not me!
44%
Whodunnit?It was Michael!
39%
Paul sports studentIt's like he was actually trying to annoy people. He always played the same song really loud: "Cyanide", by Metallica. Also, he would irritate everyone with these nonsense facts. Like he told me that {Ithaca} was in New York. But obviously it's a Greek island! I'm sure it was Rick, he was angry Rupert scratched his car.
35%
Zoe zoology studentIt had sentimental value, that's why I was annoyed, but now it's broken so there's nothing I can do about it. But also, he came out with some ridiculous facts. He told me that the first American president wasn't George Washington, instead some guy named John {Hanson}. Who even is that? I think it was Philomena, I think she secretly liked him but he rejected her.
29%

Score Distribution

Percentile by Number Answered

Percent of People with Each Score

Your Score History

You have not taken this quiz